000 00551nam a2200193Ia 4500
005 20250508160718.0
008 008 250505s9999 xx 000 0 eng d
037 _aTextual
040 _aFEDL
_beng
_cFEDL
041 _aeng
_2eng
084 _a330.7, SAN
_qFEDL
100 _aSandford C.T.
_9769168
245 0 _aProjects and role playing in teaching economics
260 _aLondon, UK
_bThe Macmillan Press Limited
_c1971
300 _axii,179p.
650 _aEducation
942 _cTEXL
_h330.7, SAN
999 _c1366170
_d1366170